000 00762nam a2200265Ia 4500
005 20260121172849.0
008 008 260114s9999 xx 000 0 eng d
020 _a9783030902353
037 _aEBOOK
040 _aCRL
040 _beng
040 _cCRL
041 _2eng
041 _aeng
084 _qCRL
100 _aHalimah Badioze Zaman, Alan F. Smeaton, Timothy K. Shih, Sergio Velastin, Tada Terutoshi, Bo Nørregaard Jørgensen, Hazleen Aris, Nazrita Ibrahim
_91093692
245 0 _aAdvances in Visual Informatics
260 _bSpringer
260 _bSpringer
260 _c2021
856 _uhttps://link.springer.com/openurl?genre=book&isbn=978-3-030-90235-3
942 _cEBOOK
999 _c1659434
_d1659434